[Event "5th Kolkata Open"]
[Site "Kolkata IND"]
[Date "2012.12.05"]
[Round "3"]
[White "Ganguly,S"]
[Black "Fominyh,A"]
[Result "1-0"]
[WhiteTitle "GM"]
[BlackTitle "GM"]
[WhiteElo "2630"]
[BlackElo "2455"]
[WhiteFideId "5002150"]
[BlackFideId "4100590"]
[EventDate "2012.12.03"]

1. d4 d5 2. c4 c6 3. Nc3 Nf6 4. e3 Bg4 5. Nge2 dxc4 6. a4 Na6 7. f3 Bf5 8. e4
Bc8 9. Nf4 e5 10. dxe5 Qxd1+ 11. Nxd1 Nd7 12. Ne3 Bb4+ 13. Bd2 Nxe5 14. Nxc4
Nxc4 15. Bxc4 Bxd2+ 16. Kxd2 Nc7 17. Ke3 Ke7 18. Rhd1 Ne6 19. Rd2 Rd8 20. Rxd8
Nxd8 21. e5 g6 22. Rd1 Ne6 23. Nd3 a5 24. f4 Nc7 25. Nc5 Rb8 26. Bb3 b5 27. Rd6
bxa4 28. Rxc6 Na6 29. Bxa4 Nxc5 30. Rxc5 Rb4 31. Rxa5 Rxb2 32. Bc6 Be6 33. Ra8
Rb3+ 34. Kd4 f5 35. Re8+ 1-0

[Event "5th Kolkata Open"]
[Site "Kolkata IND"]
[Date "2012.12.05"]
[Round "3"]
[White "Swayams,M"]
[Black "Oleksienko,M"]
[Result "0-1"]
[WhiteTitle "IM"]
[BlackTitle "GM"]
[WhiteElo "2439"]
[BlackElo "2573"]
[WhiteFideId "5028183"]
[BlackFideId "4152417"]
[EventDate "2012.12.03"]

1. d4 d5 2. c4 c6 3. Nf3 Nf6 4. Nc3 dxc4 5. a4 Bf5 6. e3 e6 7. Bxc4 Bb4 8. O-O
O-O 9. Qe2 Bg6 10. Ne5 Nbd7 11. Nxg6 hxg6 12. Rd1 Qa5 13. Qc2 Rad8 14. Bd2 Nb6
15. Bb3 Qh5 16. Ne4 Bxd2 17. Rxd2 Nxe4 18. Qxe4 a5 19. Rc1 Qf5 20. Qxf5 gxf5 21.
Rc5 Ra8 22. h3 Nd7 23. Rc1 Ra6 24. Bd1 Rb6 25. Rc4 Rd8 26. Kf1 Kf8 27. Ke1 Ke7
28. Bf3 e5 29. Kd1 e4 30. Be2 Nf6 31. Rc5 Rd5 32. Rc4 g5 33. Kc1 f4 34. b4 Rxb4
35. Rxb4 axb4 36. Rb2 c5 37. Bc4 Rf5 38. a5 Ne8 39. Kd1 Nd6 40. a6 bxa6 41. Bxa6
cxd4 42. exd4 Ra5 43. Be2 Ra1+ 44. Kd2 Rg1 45. Rxb4 Rxg2 46. Ke1 f3 47. Bf1 Rg1
48. Rb1 f5 49. Kd2 f4 50. Re1 Kf6 51. Ra1 Rh1 52. Rc1 Rh2 53. Rc6 Ke7 54. Ke1
Rh1 55. Rc5 Rg1 56. Rc7+ Kd8 57. Rc3 Nf5 58. Rc5 Nh4 0-1

[Event "5th Kolkata Open"]
[Site "Kolkata IND"]
[Date "2012.12.05"]
[Round "3"]
[White "Gopal,G"]
[Black "Swapnil,SD"]
[Result "1/2-1/2"]
[WhiteTitle "GM"]
[BlackTitle "IM"]
[WhiteElo "2547"]
[BlackElo "2438"]
[WhiteFideId "5015693"]
[BlackFideId "5019184"]
[EventDate "2012.12.03"]

1. e4 c6 2. d4 d5 3. e5 Bf5 4. Nf3 e6 5. Be2 Ne7 6. O-O h6 7. Nbd2 Nd7 8. Nb3
Bh7 9. a4 Ng6 10. a5 Be7 11. c4 dxc4 12. Bxc4 O-O 13. Be3 Rc8 14. Qe2 a6 15.
Rfd1 Re8 16. Bd3 Qc7 17. Rac1 Bb4 18. Bd2 Bf8 19. h4 Ne7 20. Bxh7+ Kxh7 21. Qe4+
Kh8 22. Ne1 Nd5 23. Nd3 f5 24. Qf3 Qd8 25. g3 Qe7 26. Rc4 Qf7 27. Rdc1 Rcd8 28.
Kg2 g6 29. R1c2 Kh7 30. Rc1 Be7 31. Rh1 Kg7 32. Rcc1 Rh8 33. Rh2 g5 34. h5 Rhf8
35. Rhh1 Kh7 36. Rce1 Rg8 37. Qe2 Rdf8 38. Rd1 1/2-1/2

[Event "5th Kolkata Open"]
[Site "Kolkata IND"]
[Date "2012.12.05"]
[Round "3"]
[White "Venkatesh,M"]
[Black "Bilguun,Sumiya"]
[Result "1-0"]
[WhiteTitle "GM"]
[BlackTitle "FM"]
[WhiteElo "2520"]
[BlackElo "2265"]
[WhiteFideId "5005779"]
[BlackFideId "4901541"]
[EventDate "2012.12.03"]

1. e4 c5 2. Nc3 e6 3. Nge2 a6 4. g3 d6 5. Bg2 Nf6 6. d3 Be7 7. O-O Nbd7 8. h3
Qc7 9. g4 Ne5 10. f4 Nc6 11. Be3 Bd7 12. d4 cxd4 13. Nxd4 O-O 14. Nb3 b5 15. g5
Ne8 16. a4 b4 17. Ne2 Na5 18. Nxa5 Qxa5 19. f5 g6 20. Nd4 Rc8 21. Qd3 e5 22. Nb3
Qc7 23. Rf2 a5 24. h4 Bc6 25. h5 gxh5 26. f6 Bd8 27. Qe2 Kh8 28. Qxh5 Rg8 29.
Nd2 Qb7 30. Qh4 Bd7 31. Nf1 Bb6 32. Re1 Nc7 33. Bf3 Bxe3 34. Nxe3 Ne6 35. Kh1
Nxg5 36. Rh2 Be6 37. Rg1 Nh3 38. Rgg2 Qb6 39. Qh6 Qd4 40. Rg7 Bf5 41. Rxh3 1-0

[Event "5th Kolkata Open"]
[Site "Kolkata IND"]
[Date "2012.12.05"]
[Round "3"]
[White "Sagar,S"]
[Black "Arun Prasad,S"]
[Result "0-1"]
[BlackTitle "GM"]
[WhiteElo "2393"]
[BlackElo "2513"]
[WhiteFideId "5022509"]
[BlackFideId "5011167"]
[EventDate "2012.12.03"]

1. c4 e5 2. g3 d6 3. Bg2 g6 4. Nc3 Bg7 5. e4 f5 6. exf5 gxf5 7. Qh5+ Kf8 8. Nge2
Nf6 9. Qh4 Nc6 10. d4 exd4 11. Nxd4 Nxd4 12. Qxd4 Ng4 13. Qd3 Qe7+ 14. Be3 c6
15. O-O Ne5 16. Qd1 Be6 17. Re1 Bxc4 18. Bd4 Qf7 19. b3 Ba6 20. Qd2 h5 21. Re3
h4 22. Rae1 hxg3 23. f4 gxh2+ 24. Kh1 Ng4 25. Bxg7+ Qxg7 26. Qxd6+ Kg8 27. Bd5+
cxd5 28. Qxd5+ Qf7 29. Re8+ Kg7 30. Qd4+ Qf6 31. R8e7+ Kf8 32. R7e5 Nxe5 33.
Rxe5 Rd8 34. Nd5 Rxd5 35. Qxd5 Bf1 36. Qxb7 Rg8 37. Qc8+ Kg7 38. Qxf5 Qxf5 39.
Rxf5 Rh8 40. Re5 Bg2+ 41. Kxg2 0-1

[Event "5th Kolkata Open"]
[Site "Kolkata IND"]
[Date "2012.12.05"]
[Round "3"]
[White "Kunte,A"]
[Black "Aravindh,Chithambaram VR."]
[Result "1/2-1/2"]
[WhiteTitle "GM"]
[BlackTitle "FM"]
[WhiteElo "2511"]
[BlackElo "2338"]
[WhiteFideId "5002265"]
[BlackFideId "5072786"]
[EventDate "2012.12.03"]

1. d4 Nf6 2. c4 e6 3. Nf3 d5 4. g3 Bb4+ 5. Bd2 Be7 6. Bg2 O-O 7. O-O c6 8. Qc2
Nbd7 9. Bf4 b6 10. Ne5 Bb7 11. cxd5 Nxe5 12. d6 Ng6 13. dxe7 Qxe7 14. Bd2 c5 15.
Bxb7 Qxb7 16. dxc5 Rfc8 17. b4 bxc5 18. bxc5 Qb5 19. Be3 Ng4 20. Nc3 Nxe3 1/2-1/2

[Event "5th Kolkata Open"]
[Site "Kolkata IND"]
[Date "2012.12.05"]
[Round "3"]
[White "Gagare,Shar"]
[Black "Grover,S"]
[Result "1-0"]
[WhiteTitle "FM"]
[BlackTitle "GM"]
[WhiteElo "2381"]
[BlackElo "2509"]
[WhiteFideId "5037883"]
[BlackFideId "5021103"]
[EventDate "2012.12.03"]

1. c4 e6 2. g3 Nf6 3. Bg2 d5 4. d4 dxc4 5. Nf3 a6 6. Nc3 Nd5 7. O-O b5 8. Ne5
Bb7 9. e4 Nxc3 10. bxc3 Nd7 11. Ng4 c5 12. f4 cxd4 13. cxd4 Be7 14. Be3 f5 15.
Nf2 Nf6 16. d5 exd5 17. exf5 O-O 18. g4 Ne4 19. Qc2 Bc5 20. Bxc5 Nxc5 21. Rad1
Qb6 22. Bxd5+ Bxd5 23. Rxd5 Nd3 24. Rd7 Nxf4 25. Qe4 Qh6 26. Kh1 Rae8 27. Qf3
Ne2 28. g5 Qb6 29. Ng4 Rd8 30. Ne5 Qc5 31. f6 Rxd7 32. Nxd7 Nd4 33. f7+ Kh8 34.
Nxc5 Nxf3 35. Rxf3 c3 36. Ne6 c2 37. Rc3 1-0

[Event "5th Kolkata Open"]
[Site "Kolkata IND"]
[Date "2012.12.05"]
[Round "3"]
[White "Prince,Ba"]
[Black "Vaibhav,S"]
[Result "0-1"]
[WhiteTitle "CM"]
[BlackTitle "GM"]
[WhiteElo "2254"]
[BlackElo "2494"]
[WhiteFideId "5045150"]
[BlackFideId "5045185"]
[EventDate "2012.12.03"]

1. e4 e5 2. Nf3 Nc6 3. Bb5 a6 4. Ba4 Nf6 5. O-O Be7 6. Re1 b5 7. Bb3 d6 8. c3
O-O 9. h3 Nb8 10. d4 Nbd7 11. Nbd2 Bb7 12. Bc2 Re8 13. Nf1 Bf8 14. Ng3 g6 15. a4
Bg7 16. Bd3 c6 17. Be3 Qc7 18. Qc2 c5 19. dxc5 dxc5 20. axb5 c4 21. Bf1 axb5 22.
b3 Nc5 23. Bxc5 Qxc5 24. bxc4 bxc4 25. Nd2 Bh6 26. Nxc4 Bf4 27. Qd3 Rad8 28. Qf3
h5 29. Na5 Ba8 30. Nb3 Qc7 31. Bb5 Re6 32. Nf1 Red6 33. g3 Bg5 34. Ra4 h4 35.
Rea1 Bb7 36. Na5 hxg3 37. Nxg3 Bc8 38. Rc4 Qb6 39. Rb4 Qc5 40. Bf1 Bf4 41. Nc4
Ra6 42. Rxa6 Bxa6 43. Ne3 Qxc3 44. Rb6 Bxf1 45. Ngxf1 Nh5 46. Kg2 Qc7 47. Rb1
Bxe3 48. Nxe3 Nf4+ 49. Kh2 Rd2 50. Rd1 Ra2 51. Nd5 Qc5 52. Rf1 Qc4 53. Ne3 Qc5
54. Kg1 Kg7 55. Nd5 Ra3 56. Ne3 Qe7 57. Kh2 Qc5 58. Kg1 Ra2 59. Nd5 Nxd5 60.
exd5 Rd2 61. Re1 Rxd5 62. Qe3 Qc6 63. Qe4 Qd6 64. Kg2 Rc5 65. Re2 Qe6 66. f4 f5
67. Qb7+ Kh6 68. fxe5 Rxe5 69. Rxe5 Qxe5 70. Qc8 Kh5 71. Qd8 Qe2+ 72. Kg1 Qe3+
73. Kg2 Qg5+ 74. Qxg5+ Kxg5 75. Kg3 Kf6 76. Kf4 g5+ 77. Kf3 Ke5 78. Ke3 Kd5 79.
Kf3 Kd4 80. Kf2 Ke4 81. Ke2 f4 82. Kf2 f3 83. Kf1 Ke3 84. Ke1 f2+ 85. Kf1 Kf3
86. h4 g4 0-1

[Event "5th Kolkata Open"]
[Site "Kolkata IND"]
[Date "2012.12.05"]
[Round "3"]
[White "Sahoo,U"]
[Black "Vishnu,P"]
[Result "1/2-1/2"]
[BlackTitle "IM"]
[WhiteElo "2254"]
[BlackElo "2469"]
[WhiteFideId "5034566"]
[BlackFideId "5030692"]
[EventDate "2012.12.03"]

1. e4 c5 2. Nf3 d6 3. d4 cxd4 4. Nxd4 Nf6 5. Nc3 Nc6 6. Bc4 e6 7. Be3 Be7 8. Qe2
Bd7 9. Bb3 Rc8 10. f4 Qa5 11. O-O Nxd4 12. Bxd4 e5 13. Be3 O-O 14. Kh1 a6 15.
fxe5 Qxe5 16. Bf4 Qc5 17. Rae1 Be6 18. Bxe6 fxe6 19. e5 dxe5 20. Bxe5 Rc6 21. h3
b5 22. a3 Qc4 23. Rf4 Qxe2 24. Rxe2 Nd7 25. Rxf8+ Bxf8 26. Bd4 Rc4 27. Rd2 e5
28. Bf2 Nf6 29. Nd1 Kf7 30. c3 Ke6 31. g3 Bd6 32. Kg2 h5 33. Ne3 Rc8 34. Nc2 g6
35. Re2 Kd5 36. Ne3+ Kc6 37. Nc2 Nd5 38. Ne1 Re8 39. Nf3 Nf6 40. Be3 Kd5 41.
Rd2+ Kc6 42. Re2 Bc7 43. Bg5 Nd5 44. Re4 Nb6 45. b3 Kd5 46. Nd2 Bd6 47. Be3 Nd7
48. c4+ bxc4 49. Rxc4 Ra8 50. Ra4 Bc7 51. Ne4 Bb6 52. Nc3+ Ke6 53. Kf3 a5 54.
Rc4 Rf8+ 1/2-1/2

[Event "5th Kolkata Open"]
[Site "Kolkata IND"]
[Date "2012.12.05"]
[Round "3"]
[White "Shivananda,B"]
[Black "Iordachescu,V"]
[Result "0-1"]
[WhiteTitle "IM"]
[BlackTitle "GM"]
[WhiteElo "2381"]
[BlackElo "2619"]
[WhiteFideId "5007038"]
[BlackFideId "13900200"]
[EventDate "2012.12.03"]

1. f4 d5 2. Nf3 Bg4 3. e3 Nd7 4. d4 e6 5. Bd3 g6 6. O-O Bg7 7. Nbd2 Ne7 8. Qe1
Bf5 9. b4 O-O 10. Rb1 b6 11. Ba3 c6 12. Ne5 Rc8 13. Rb3 f6 14. Nxd7 Qxd7 15. c4
e5 16. cxd5 cxd5 17. dxe5 fxe5 18. fxe5 Bxe5 19. Nf3 Bg7 20. e4 Be6 21. Rb1 Rc3
22. Bb2 Rxd3 23. Bxg7 Rfxf3 24. Rxf3 Rxf3 25. gxf3 Kxg7 26. Rd1 Qd6 27. Qc3+ Kf7
28. Qh8 h5 29. Qxh5 0-1

[Event "5th Kolkata Open"]
[Site "Kolkata IND"]
[Date "2012.12.05"]
[Round "3"]
[White "Sandipan,C"]
[Black "Konguvel,P"]
[Result "1-0"]
[WhiteTitle "GM"]
[BlackTitle "IM"]
[WhiteElo "2613"]
[BlackElo "2359"]
[WhiteFideId "5004225"]
[BlackFideId "5000548"]
[EventDate "2012.12.03"]

1. d4 Nf6 2. c4 g6 3. Nc3 d5 4. Nf3 Bg7 5. Qb3 dxc4 6. Qxc4 O-O 7. e4 Na6 8. Be2
c5 9. d5 e6 10. O-O exd5 11. exd5 Bf5 12. Be3 Qb6 13. b3 Rfe8 14. Rad1 Rad8 15.
h3 Ne4 16. Nxe4 Rxe4 17. Qc1 Ree8 18. Bc4 Nb4 19. d6 Nc2 20. Ng5 Rd7 21. Nxf7
Rxf7 22. g4 Bd4 23. d7 Rxe3 24. fxe3 Nxe3 25. Bxf7+ Kxf7 26. Rxd4 cxd4 27. Qc8
Qd6 28. Rf3 Qb4 29. Qe8+ Kg7 30. Qe5+ Kh6 31. Rxe3 Bxd7 32. Rd3 Bc6 33. Qf4+ Kg7
34. Qxd4+ Qxd4+ 35. Rxd4 Kf6 36. Kf2 h5 37. gxh5 gxh5 38. Kg3 Kg5 39. Rc4 a6 40.
Rc5+ Kg6 41. Kh4 Bf3 42. Rg5+ 1-0

[Event "5th Kolkata Open"]
[Site "Kolkata IND"]
[Date "2012.12.05"]
[Round "3"]
[White "David,Alb"]
[Black "Senador,E"]
[Result "1-0"]
[WhiteTitle "GM"]
[BlackTitle "IM"]
[WhiteElo "2607"]
[BlackElo "2352"]
[WhiteFideId "4000013"]
[BlackFideId "5200601"]
[EventDate "2012.12.03"]

1. Nf3 d5 2. d4 c5 3. c4 e6 4. cxd5 exd5 5. Nc3 Nc6 6. g3 Nf6 7. Bg2 Be7 8. O-O
O-O 9. Bg5 cxd4 10. Nxd4 h6 11. Be3 Bg4 12. Qa4 Qd7 13. Rfd1 Bh3 14. Bh1 Rfd8
15. Rac1 Bf8 16. a3 Re8 17. Nb3 Rxe3 18. fxe3 Qe6 19. Nxd5 Rd8 20. Nxf6+ gxf6
21. Kf2 Re8 22. Rc3 Ne5 23. Bf3 a6 24. Nd4 Qe7 25. Qc2 f5 26. b4 Qg5 27. Qc1 Bg4
28. Rc8 Rxc8 29. Qxc8 f4 30. exf4 Qh5 31. Bxg4 Nxg4+ 32. Ke1 Ne3 33. Rd3 Ng2+
34. Kf2 Qxh2 35. Nf5 Qh1 1-0

[Event "5th Kolkata Open"]
[Site "Kolkata IND"]
[Date "2012.12.05"]
[Round "3"]
[White "Udeshi,A"]
[Black "Lintchevski,D"]
[Result "1/2-1/2"]
[WhiteTitle "IM"]
[BlackTitle "GM"]
[WhiteElo "2376"]
[BlackElo "2553"]
[WhiteFideId "5021740"]
[BlackFideId "4171055"]
[EventDate "2012.12.03"]

1. e4 c6 2. d4 d5 3. Nc3 dxe4 4. Nxe4 Bf5 5. Ng3 Bg6 6. Nh3 e6 7. Nf4 Qh4 8. c3
Nd7 9. Qf3 Ngf6 10. Nxg6 hxg6 11. Ne2 Bd6 12. g3 Qh5 13. Qxh5 Rxh5 14. Bg2 O-O-O
15. O-O e5 16. h4 Rhh8 17. Bg5 Nb6 18. Rad1 exd4 19. Nxd4 Na4 20. Bc1 1/2-1/2

[Event "5th Kolkata Open"]
[Site "Kolkata IND"]
[Date "2012.12.05"]
[Round "3"]
[White "Murali Krishnan,B"]
[Black "Sengupta,D"]
[Result "0-1"]
[WhiteTitle "IM"]
[BlackTitle "GM"]
[WhiteElo "2345"]
[BlackElo "2540"]
[WhiteFideId "5004977"]
[BlackFideId "5008352"]
[EventDate "2012.12.03"]

1. d4 d5 2. c4 e6 3. Nf3 c6 4. Qc2 Nf6 5. cxd5 exd5 6. Bg5 Na6 7. a3 h6 8. Bh4
Qa5+ 9. Nc3 Ne4 10. Nd2 Bf5 11. Ndxe4 Bxe4 12. Qd2 Bf5 13. e3 Bd6 14. Bd3 Bxd3
15. Qxd3 O-O 16. O-O Qc7 17. Bg3 Qd7 18. b4 Nc7 19. Bxd6 Qxd6 20. b5 f5 21. bxc6
bxc6 22. Ne2 Ne6 23. Rac1 Rac8 24. g3 Rc7 25. Rc2 Rf6 26. Rfc1 h5 27. Nf4 h4 28.
Nh5 Rf8 29. Nf4 Rf6 30. Nh5 Rff7 31. Qa6 Nd8 32. Nf4 hxg3 33. hxg3 g5 34. Nd3
Rh7 35. Kf1 Rh2 36. Ne5 f4 37. exf4 gxf4 38. Qd3 Rg7 39. g4 Qh6 40. Nf3 Rh3 41.
Re1 Rh1+ 42. Ke2 Re7+ 43. Kd1 Rhxe1+ 44. Nxe1 Qg7 45. Nf3 Qxg4 46. Rb2 Nf7 47.
Kc2 Qg2 48. Kb1 Nd6 49. Ne5 Qe4 50. f3 Qxd3+ 51. Nxd3 Re3 52. Ne5 Nc4 53. Rb8+
Kg7 54. Rb7+ Kf8 55. Rb8+ Ke7 56. Nxc6+ Kd7 57. Nb4 Rb3+ 58. Kc2 Rb2+ 59. Kc3 a5
60. Na6 Rf2 61. Nc5+ Kc7 62. Rf8 Rxf3+ 63. Nd3 Nxa3 64. Rxf4 Nb5+ 65. Kd2 Rh3
66. Rf5 Rh2+ 67. Ke3 Kc6 68. Ne5+ Kb7 69. Nf3 Rb2 70. Rxd5 a4 71. Ne5 a3 72. Nd3
a2 73. Nxb2 Na3 0-1

[Event "5th Kolkata Open"]
[Site "Kolkata IND"]
[Date "2012.12.05"]
[Round "3"]
[White "Hossain,Enam"]
[Black "Gusain,H"]
[Result "1-0"]
[WhiteTitle "GM"]
[WhiteElo "2496"]
[BlackElo "2339"]
[WhiteFideId "10200649"]
[BlackFideId "5033861"]
[EventDate "2012.12.03"]

1. d4 d5 2. c4 e6 3. Nf3 c6 4. Qc2 dxc4 5. Qxc4 b5 6. Qd3 Bb7 7. g3 a6 8. a4 Nf6
9. Bg2 Be7 10. O-O Nbd7 11. Bg5 O-O 12. Nc3 b4 13. Bxf6 gxf6 14. Ne4 c5 15. Qe3
c4 16. Ned2 Rc8 17. Rfc1 Nb6 18. Qh6 c3 19. bxc3 bxc3 20. Nf1 Bxf3 21. Bxf3 Qxd4
22. Bb7 Rc7 23. Bxa6 f5 24. Ne3 Ra8 25. Bb5 Qe5 26. a5 Nd5 27. Nxd5 Qxd5 28. Bd3
Qd4 29. Rd1 Qe5 30. a6 Bf6 31. Ra2 Bg7 32. Qh4 Qf6 33. Qb4 e5 34. Qa5 Rcc8 35.
Bc2 Rc6 36. a7 Bf8 37. Rd7 Rc5 38. Qa4 e4 39. e3 Re5 40. Qb3 Bc5 41. Qb7 Ree8
42. Bb3 c2 43. Bxc2 Bxe3 44. fxe3 Qc3 45. Bd1 Qxe3+ 46. Kg2 f4 47. gxf4 Qxf4 48.
Rf2 Qg5+ 49. Kh1 Qh4 50. Rdxf7 Rad8 51. Rg2+ 1-0

[Event "5th Kolkata Open"]
[Site "Kolkata IND"]
[Date "2012.12.05"]
[Round "3"]
[White "Shyam,SM"]
[Black "Padmini,R"]
[Result "1-0"]
[WhiteTitle "IM"]
[BlackTitle "WGM"]
[WhiteElo "2484"]
[BlackElo "2313"]
[WhiteFideId "5019141"]
[BlackFideId "5029295"]
[EventDate "2012.12.03"]

1. e4 c5 2. Nf3 d6 3. d4 cxd4 4. Nxd4 Nf6 5. Nc3 a6 6. Be3 e5 7. Nb3 Be7 8. h3
Be6 9. Qf3 Nc6 10. O-O-O Qc7 11. Kb1 b5 12. g4 h6 13. Rg1 Rc8 14. h4 Nd7 15. Nd5
Bxd5 16. exd5 Nd8 17. Bd3 Bxh4 18. Rh1 Be7 19. g5 Nc5 20. Nxc5 dxc5 21. gxh6 g6
22. d6 Bxd6 23. Qf6 Ne6 24. Bxg6 1-0

[Event "5th Kolkata Open"]
[Site "Kolkata IND"]
[Date "2012.12.05"]
[Round "3"]
[White "Sundararajan,K"]
[Black "Krishna,CRG"]
[Result "1-0"]
[WhiteTitle "GM"]
[WhiteElo "2434"]
[BlackElo "2312"]
[WhiteFideId "5005370"]
[BlackFideId "5018625"]
[EventDate "2012.12.03"]

1. d4 f5 2. g3 Nf6 3. Bg2 g6 4. Nf3 Bg7 5. O-O O-O 6. b3 Ne4 7. Bb2 c5 8. e3 Nc6
9. c4 e6 10. Qe2 d6 11. dxc5 dxc5 12. Bxg7 Kxg7 13. Qb2+ Qf6 14. Qxf6+ Nxf6 15.
Ne1 Bd7 16. Nc3 b6 17. Rd1 Rac8 18. Nd3 Rfd8 19. Nb5 a6 20. Nc3 Na5 21. Rd2 Kf8
22. Rfd1 Be8 23. e4 fxe4 24. Nf4 Rxd2 25. Nxe6+ Ke7 26. Rxd2 b5 27. Nd5+ Nxd5
28. cxd5 Nb7 29. Bxe4 Nd6 30. Bc2 Bd7 31. Ng5 h6 32. Re2+ Kf6 33. Ne4+ Nxe4 34.
Bxe4 c4 35. bxc4 bxc4 36. f4 Re8 37. Kf2 c3 38. Bc2 Rb8 39. Bd3 Rb2 40. Ke3 Bf5
41. Bxf5 gxf5 42. Kd3 Rxe2 43. Kxe2 Ke7 44. Kd3 Kd6 45. Kxc3 Kxd5 46. Kd3 h5 47.
h3 a5 48. a3 Kc5 49. Kc3 Kb5 50. Kd4 Ka4 51. g4 1-0

[Event "5th Kolkata Open"]
[Site "Kolkata IND"]
[Date "2012.12.05"]
[Round "3"]
[White "Ikeda,J"]
[Black "Ghosh,D"]
[Result "0-1"]
[WhiteTitle "FM"]
[BlackTitle "FM"]
[WhiteElo "2304"]
[BlackElo "2425"]
[WhiteFideId "3204731"]
[BlackFideId "5045207"]
[EventDate "2012.12.03"]

1. d4 d5 2. c4 c6 3. cxd5 cxd5 4. Nc3 Nf6 5. Nf3 Nc6 6. Bf4 a6 7. Ne5 Qb6 8.
Nxc6 bxc6 9. f3 Nd7 10. Qd2 e6 11. e4 Be7 12. Rc1 O-O 13. Na4 Qb7 14. exd5 Bb4
15. Nc3 cxd5 16. Be2 Nb6 17. a3 Be7 18. Nd1 Bd8 19. Bd3 Bd7 20. b3 Rc8 21. Rb1
Bf6 22. Be5 Bxe5 23. dxe5 Bb5 24. Bxb5 axb5 25. O-O Nd7 26. Qd4 Nb8 27. Nf2 Nc6
28. Qe3 Ra8 29. Ra1 Qa7 30. Qxa7 Rxa7 31. Nd3 Rfa8 32. a4 h6 33. Rac1 Nd4 34.
Rb1 bxa4 35. bxa4 Rxa4 36. Rb2 Nc6 37. Re1 Ra3 38. Nf2 Ra1 39. Rxa1 0-1

[Event "5th Kolkata Open"]
[Site "Kolkata IND"]
[Date "2012.12.05"]
[Round "3"]
[White "Himanshu,Sh"]
[Black "Shreyans,K"]
[Result "0-1"]
[WhiteTitle "IM"]
[WhiteElo "2417"]
[BlackElo "2231"]
[WhiteFideId "5007836"]
[BlackFideId "5029074"]
[EventDate "2012.12.03"]

1. e4 e6 2. f4 d5 3. e5 c5 4. Nf3 Nc6 5. c3 f6 6. Na3 Nh6 7. Qe2 Nf7 8. Nc2 Bd7
9. g3 fxe5 10. fxe5 Qc7 11. d4 cxd4 12. cxd4 Rc8 13. Ne3 Bb4+ 14. Bd2 Qa5 15.
Bxb4 Nxb4 16. Kf2 O-O 17. h4 Nxe5 18. dxe5 d4 19. Nc4 Qd5 20. Nd2 Rxf3+ 21. Qxf3
Rf8 22. Qxf8+ Kxf8 23. Bc4 Qc5 24. Rhf1 Bc6 25. Kg1+ Ke7 26. Kh2 Nc2 27. Rac1
Ne3 28. Rf7+ Kd8 29. Kh3 b5 30. Nb3 Qxe5 31. Bd3 Qd5 32. Rg1 e5 33. Rxg7 Bd7+
34. Kh2 Ng4+ 35. Rxg4 Bxg4 36. Bf1 d3 37. Nd2 Qd4 38. Bg2 Qxb2 39. Ne4 d2 40.
Nf2 Qd4 0-1

[Event "5th Kolkata Open"]
[Site "Kolkata IND"]
[Date "2012.12.06"]
[Round "4"]
[White "Dzhumaev,M"]
[Black "Korobov,A"]
[Result "1-0"]
[WhiteTitle "GM"]
[BlackTitle "GM"]
[WhiteElo "2530"]
[BlackElo "2702"]
[WhiteFideId "14200236"]
[BlackFideId "14105730"]
[EventDate "2012.12.03"]

1. e4 c5 2. c3 e6 3. d4 d5 4. exd5 exd5 5. Nf3 Nc6 6. Bb5 Bd6 7. dxc5 Bxc5 8.
O-O Ne7 9. Nbd2 O-O 10. Nb3 Bb6 11. Re1 Bg4 12. h3 Bh5 13. Be3 Bxe3 14. Rxe3 Qd6
15. Be2 Rad8 16. Nfd4 Bg6 17. Qd2 Nc8 18. h4 h6 19. Nxc6 bxc6 20. h5 Be4 21. Rd1
f5 22. Qd4 Bc2 23. Rd2 f4 24. Re5 Bxb3 25. axb3 Qf6 26. Bf3 Nd6 27. Rde2 a5 28.
Qa4 Nf7 29. Re6 Qf5 30. Qxc6 Ng5 31. R6e5 Qb1+ 32. Kh2 Nxf3+ 33. gxf3 Qd3 34.
Qg6 Qxg6 35. hxg6 Rd6 36. Rd2 Rxg6 37. Rdxd5 Rb8 38. Rxa5 Rd8 39. Rad5 Ra8 40.
Rd1 Ra2 41. Rg1 Rxg1 42. Kxg1 Rxb2 43. b4 Rb3 44. Rc5 Kf7 45. Kg2 g5 46. b5 Kf6
47. c4 h5 48. Rc6+ Kf5 49. b6 g4 50. Rc5+ Ke6 51. Rxh5 gxf3+ 52. Kh3 1-0

[Event "5th Kolkata Open"]
[Site "Kolkata IND"]
[Date "2012.12.06"]
[Round "4"]
[White "Vaibhav,S"]
[Black "Ganguly,S"]
[Result "1/2-1/2"]
[WhiteTitle "GM"]
[BlackTitle "GM"]
[WhiteElo "2494"]
[BlackElo "2630"]
[WhiteFideId "5045185"]
[BlackFideId "5002150"]
[EventDate "2012.12.03"]

1. e4 c5 2. Nf3 d6 3. d4 cxd4 4. Nxd4 Nf6 5. Nc3 a6 6. Be2 e5 7. Nb3 Be7 8. O-O
O-O 9. Re1 Be6 10. Bf3 Qc7 11. a4 Rc8 12. h3 h6 13. Be3 Nbd7 14. a5 b5 15. axb6
Nxb6 16. Na5 Nc4 17. Nxc4 Bxc4 18. Bd2 Qb7 19. b3 Be6 20. Qe2 Bd8 21. Qd3 Bb6
22. Be3 Nd7 23. Na4 Bxe3 24. Rxe3 Qc6 25. c4 Nc5 26. Qd2 a5 27. Nxc5 Qxc5 28.
Rd3 Rcb8 29. Rxd6 Rxb3 30. Rd8+ Rxd8 31. Qxd8+ Kh7 32. Qxa5 Qxc4 33. Qxe5 Bxh3
34. Qf4 Be6 35. Bg4 Bxg4 1/2-1/2

[Event "5th Kolkata Open"]
[Site "Kolkata IND"]
[Date "2012.12.06"]
[Round "4"]
[White "Oleksienko,M"]
[Black "Deepan,C"]
[Result "1-0"]
[WhiteTitle "GM"]
[BlackTitle "GM"]
[WhiteElo "2573"]
[BlackElo "2487"]
[WhiteFideId "4152417"]
[BlackFideId "5011132"]
[EventDate "2012.12.03"]

1. e4 c5 2. Nf3 d6 3. c3 Nf6 4. Be2 g6 5. O-O Bg7 6. Bb5+ Bd7 7. Bxd7+ Nbxd7 8.
Re1 O-O 9. d4 Ne8 10. Bg5 h6 11. Be3 Nc7 12. Qd2 Kh7 13. dxc5 Nxc5 14. Bxc5 dxc5
15. Qe3 Ne6 16. Nbd2 Qc7 17. a4 Rad8 18. Nc4 Rd7 19. e5 Qc6 20. Qe4 Qxe4 21.
Rxe4 Rfd8 22. Kf1 h5 23. h4 Bh6 24. g3 Kg7 25. Ree1 Kf8 26. Ra3 Ke8 27. Rb3 Rc8
28. Ke2 Kd8 29. Rd1 Rxd1 30. Kxd1 Kc7 31. Ke2 b6 32. a5 Rb8 33. axb6+ axb6 34.
Na3 Kc6 35. c4 Ra8 36. Nb5 Ra4 37. Kd3 Nc7 38. Nxc7 Kxc7 39. Ra3 Rxa3+ 40. bxa3
f6 41. Ng1 f5 42. f4 Kb7 43. Kc3 Ka7 44. Kb3 Bf8 45. Ka4 Ka6 46. Ne2 Bh6 47. Nc3
e6 48. Nb5 Kb7 49. Nd6+ Kc6 50. Nf7 Bf8 51. Ng5 Be7 52. Nxe6 b5+ 53. cxb5+ Kb6
54. Kb3 c4+ 55. Kxc4 Bxa3 56. Nd4 1-0

[Event "5th Kolkata Open"]
[Site "Kolkata IND"]
[Date "2012.12.06"]
[Round "4"]
[White "Rathnakaran,K"]
[Black "Paragua,M"]
[Result "1/2-1/2"]
[WhiteTitle "IM"]
[BlackTitle "GM"]
[WhiteElo "2435"]
[BlackElo "2533"]
[WhiteFideId "5005507"]
[BlackFideId "5201241"]
[EventDate "2012.12.03"]

1. e4 c5 2. Nf3 e6 3. d3 Nc6 4. g3 g6 5. Bg2 Bg7 6. O-O Nge7 7. Re1 d6 8. Nbd2
O-O 9. Nf1 e5 10. c3 h6 11. Ne3 f5 12. exf5 gxf5 13. Nh4 Be6 14. f4 Qd7 15. Nf1
Rad8 16. Bd2 Kh7 17. Bh3 Nd5 18. Ne3 Nce7 19. Neg2 b5 20. Qf3 b4 21. Re2 bxc3
22. bxc3 c4 23. dxc4 Nf6 24. fxe5 dxe5 25. Rxe5 Ng4 26. Ree1 Qxd2 27. Bxg4 fxg4
28. Qe4+ Nf5 29. Qxe6 Nxh4 30. gxh4 Qf2+ 31. Kh1 Bxc3 32. Rab1 Qf3 33. h5 Bxe1
34. Qg6+ Kh8 35. Qxh6+ Kg8 36. Qg6+ Kh8 1/2-1/2